000 00965nas a2200301 4500
001 BR0202420
003 BR-BrBNA
005 20231205102936.0
007 ta
008 230509b bl.|||p| |||| 00| 00por d
040 _aBR-BrBNA
_bpor
_cBiblioteca Nacional de Agricultura
041 _a(Pt)
072 _aF03
100 1 _aCamacho, J.C.B.
100 1 _aMonks, P.L.
100 1 _aSilva, J.B. da
245 1 _aA polinização entomófila na produção e qualidade germinativa de sementes de trevo vesiculoso (Trifolium vesiculosum Savi)cv. EMBRAPA-28 "Santa Tecla"
650 _aPODRIDÃO
650 _aSEMENTE
650 _aGERMINAÇÃO
650 _aLEGUMINOSA FORRAGEIRA
650 _aTREVO VESICULOSO
650 _aABELHA
650 _aPOLINIZAÇÃO
773 0 _tRevista Brasileira de Agrociência (Brazil)
_xISSN 0104-8996
_g(May-Aug 1999), v. 5(2) p. 114-119
_wBR0202420
909 _a202311
_bLúcia
_c55
_dLúcia Elande
942 _2AGRIS
_n0
_cANA
999 _c170192
_d170192